000 00912cam a2200253 a 4500
001 000018118
003 DO-SdBNP
005 20221128100702.0
008 750122s1973 xxc b 000 f fre d
040 _aDO-SdBNP
_bfre
_cLC
_dBNPHU
082 _a863.914
_bB558t
100 1 _aBessette, Gérard.
_939133
245 1 0 _aTrois romanciers quebecois /
_cGerard Bessette.
260 _aMontréal :
_bDu Jour,
_c1973.
300 _a240 p. ;
_c20 cm.
504 _aIncluye referencias bibliográficas.
600 1 0 _aBeaulieu, Victor-Levy,
_d1945-
_xCRÍTICA E INTERPRETACIÓN
_939262
600 1 0 _aLangevin, Andre,
_d1927-
_xCRÍTICA E INTERPRETACIÓN
_939263
600 1 0 _aRoy, Gabrielle,
_d1909-1983
_xCRÍTICA E INTERPRETACIÓN
_939264
650 4 _aNovela francesa
_xCrítica e interpretación
_939265
650 4 _aLiteratura francesa
_ySIGLO XX
_94232
910 _aCatalogación por copia / LC
942 _2ddc
_cLBS1
999 _c17639
_d17639